000 01159nam a2200289 a 4500
005 20090820144734.0
008 080109s2007 ii a b 000 0 eng
010 _aENG-94770
020 _a9788189487317
_c250.00
035 _aEN-78303
037 _bDBAD / PUB
040 _adpl
_bEnglish
082 _a954.13
100 _aMandal, D.
_q(Dhaneshwar)
245 _aAyodhya :
_barchaeology after excavation /
_cby D. Mandal [and] Shereen Ratnagar
246 _aArchaeology after excavation
260 _aNew Delhi
_bTulika Books
_c2007
270 _a35 A/1, (third floor), Shahpur Jat,
_bNew Delhi
_e110049
300 _axi, 136 p. :
_bill.
_c25cm(pbk)
500 _aIncludes bibliographical references
610 _aBabari Masjid (Faizabad, India)
_xHistory.
650 _aExcavations (Archaeology)
_zIndia
_zAyodhya (Faizabad)
651 _aAyodhya (Faizabad, India)
_xAntiquities.
700 _aRatnagar, Shereen
942 _2ddc
_cEN
_mMAN
_h954.13
999 _c29333
_d29333